| 000 | 00930nam a22002415i 4500 | ||
|---|---|---|---|
| 001 | 178066 | ||
| 003 | ES-MaACL | ||
| 005 | 20250821110956.0 | ||
| 008 | 110516s1950 sp o |||| | spa d | ||
| 080 | _a727.7(460.27 M.) | ||
| 100 | 1 |
_aRodríguez de Rivas, Mariano. _998470 |
|
| 245 | 1 | 3 |
_aEl Museo Romántico _b= Le Musée Romantique = The Romantic Museum / _cintroducción y notas de Mariano Rodríguez de Rivas ; prólogo de Luis M. Feduchi ; fotografías: Juan Pando. |
| 260 |
_aMadrid : _bAfrodisio Aguado, _cimp. 1950. |
||
| 300 |
_a98, 74 p. de fot. bl. y n. ; _c19 cm. |
||
| 490 | 1 |
_aEl mueble en España ; _v3 |
|
| 546 | _aTexto en español, francés e inglés. | ||
| 610 | 2 |
_aMuseo Romántico. _95922 |
|
| 700 | 1 |
_aFeduchi, Luis M., _d1901-1975 _949083 |
|
| 700 | 0 |
_aPando, Juan. _988754 |
|
| 830 | 0 |
_aEl mueble en España ; _v3 _9190716 |
|
| 852 |
_aES-MaACL _jE-15108 _xOlim P-955 |
||
| 999 |
_c178066 _d178066 |
||